Name the Fish by Picture - Statistics

General Stats
  • This quiz has been taken 588 times
  • The average score is 9 of 15
Answer Stats
Picture Answer % Correct
Manta Ray
93%
Carp
84%
Anglerfish
73%
Lionfish
73%
Moray Eel
71%
Salmon
71%
Piranha
70%
Whale Shark
68%
Catfish
63%
Sunfish
59%
Sea Dragon
46%
Stonefish
44%
Pike
39%
Lamprey
29%
Turbot
11%
No matching quizzes found
Score Distribution
Percent of People with Each Score
Percentile by Number Answered
Your Score History
You have not taken this quiz